Statistics for Cities With No Vowels #2

Click here to take the quiz!

General Stats

  • This quiz has been taken 22 times
  • The average score is 14 of 15

Answer Stats

HintAnswer% Correct
BRSSLSBrussels
100%
HLSNKHelsinki
100%
JKRTJakarta
100%
JHNNSBRGJohannesburg
100%
MXCCTYMexico City
100%
PYNGYNGPyongyang
100%
RYKJVKReykjavik
100%
SYDNYSydney
100%
VNCVRVancouver
100%
BRSBNBrisbane
94%
DLLSDallas
94%
SNFRNCSCSan Francisco
94%
VNNVienna
88%
BRCLNBarcelona
82%
THRNTehran
65%

Score Distribution

Percentile by Number Answered

Percent of People with Each Score

Your Score History

You have not taken this quiz